00332nam a22000857a 4500008004100000082001000041100005400051245012300105300001800228230522b |||||||| |||| 00| 0 eng d a636.7 aG. Sreekumar Menon, Anees C., and Ani Bency Jacob aDetection Dog, the canine companion in customs;bNational Academy of Customs, Excise and Narcotics, Faridabad - 121008 a190 p.c23 cm